Paroles : Ma philosophie - Amel Bent - Statistiques

Statistiques générales
  • Ce quiz a été pris 253 fois
  • Le résultat moyen est 224 sur 279
Statistiques - réponses
Réponse % Correct
à
99%
a
99%
Je
99%
je
99%
Et
96%
et
96%
le
96%
Le
96%
me
96%
philosophie
96%
suis
96%
qu'une
95%
levé
94%
n'ai
94%
ce
93%
comme
93%
Être
93%
être
93%
poing
93%
de
92%
la
92%
La
92%
pas
92%
acceptée
87%
ça
86%
ces
86%
Des
86%
des
86%
ne
86%
tout
86%
mais
85%
Mais
85%
toujours
85%
coeur
84%
en
84%
qu'on
84%
Qu'on
84%
Viser
84%
lune
83%
Lune
83%
peur
83%
reste
83%
fait
82%
dit
81%
Encore
81%
encore
81%
Malgré
81%
ai
78%
J'y
78%
l'usure
78%
Même
78%
crois
77%
j'en
77%
J'en
77%
déjà
76%
faut
76%
sacrifices
76%
ferai
75%
ferai,
75%
les
75%
S'il
75%
Fille
73%
métisse
73%
tête
73%
torse
73%
toutes
73%
redoubler
72%
Sans
72%
bomber
70%
cesse
70%
J'ai
70%
Lever
70%
Moi
70%
qui
70%
Qui
70%
martyre
69%
roi
69%
rondeurs
69%
d'efforts
68%
filles
67%
réchauffer
67%
coeurs
66%
formes
66%
sert
66%
bat
65%
vie
65%
choix
64%
laisse
64%
l'as
64%
fière
63%
m'en
63%
plus
63%
Pour
63%
appris
61%
populaire
61%
d'un
60%
meilleur
60%
pire
60%
quartier
60%
que
60%
haut
59%
loin
58%
déshabille
57%
dévisage
54%
différences
54%
nos
52%
incessantes
51%
injures
51%
lèverai
50%
léger
49%
J'avance
48%
peines
46%
Avec
43%
Bien
42%
l'avenir
42%
vers
42%
force
40%
misère
39%
sourire
38%
pierre
34%
d'amour
33%
Aucun quiz correspondant
Distribution des résultats
% des personnes avec chaque résultat
Percentile par nombre de réponses
Votre historique - résultats
Vous n’avez pas pris ce quiz